[Event "RUS Spartakiad U18"]
[Site "Kazan"]
[Date "2003.??.??"]
[Round "?"]
[White "Kim, Igor"]
[Black "Danin, Alexandre"]
[Result "0-1"]
[WhiteElo "2332"]
[BlackElo "2335"]
[PlyCount "45"]
[EventDate "2003.??.??"]
[EventType "team-tourn"]
[EventRounds "8"]
[EventCountry "RUS"]
[SourceTitle "EXT 2005"]
[Source "ChessBase"]
[SourceDate "2004.11.15"]
[SourceVersion "1"]
[SourceVersionDate "2004.11.15"]
[SourceQuality "1"]

1. d4 Nf6 2. c4 g6 3. Nc3 d5 4. Bf4 Bg7 5. e3 c5 6. dxc5 Qa5 7. Qd2 dxc4 8. Bxc4 0-0 9. Nf3 Qxc5 10. Bb3 Nc6 11. Rc1 Qa5 12. 0-0 Bg4 13. h3 Bxf3 14. gxf3 Nh5 15. Bh2 Qg5+ 16. Kh1 Rad8 17. Qe2 Na5 18. Bc2 Qh4 19. Kg2 Qc4 20. Rfd1 Qxe2 21. Nxe2 Bxb2 22. Rb1 Rxd1 23. Rxd1 0-1